Le Roi Lion - La Garde du Roi Lion - Statistiques

Statistiques générales
  • Ce quiz a été pris 53 fois
  • Le résultat moyen est 9 sur 18
Statistiques - réponses
Hint Réponse % Correct
Comment s'appelle son père ? Mufasa
95%
Comment s'appelle sa mère ? Sarabi
85%
Comment s'appelle la mère de Simba ? Sarabi
85%
Et comment s'appelle son oncle ? Scar
85%
Comment se nomme la femme de Simba ? Nala
83%
Combien de film le Roi Lion sont sortis (version Disney et version live action) ? 5
80%
Comment s'appelle sa fille ? Kiara
80%
Comment s'appelle le roi de la Terre des Lions ? Simba
80%
Qui sont les 2 amis de Simba qui l'élève pendant le reste de son enfance ? Timon et Pumbaa
58%
Quel est l'autre nom donné au film "Le Roi Lion 3" ? Le Roi Lion 1/2
53%
Dans la Garde du Roi Lion, comment s'appelle le fils de Simba et Nala, frère cadet de Kiara Kion
48%
Comment s'appelle la mère de Nala ? Sarafina
40%
Comment s'appelle le dernier film sortie dernièrement (décembre 2024) ? Mufasa : Le Roi Lion
13%
Dans la Garde du Roi lion, comment s'appelle la hyène qui aide la Garde du Roi Lion ? Jasiri
8%
Pourquoi Scar fait-il ça ? Car il était jaloux que son frère est du succès en étant roi (Comme il l'explique dans le double épisode de la saison 3, il faisait des exploits en tant que chef de la Garde du Roi Lion, mais Mufasa ne le félicitais même pas)
0%
Comment s'appelle les hyènes dans le Roi lion ? Ed, Shenzi et Banzai
0%
Et dans la Garde du Roi Lion ? Janja, Cheezi et Chungu
0%
Comment Mufasa meurt ? Scar lui enfonce ses griffes dans les 2 pattes avant avant qu'il tombe et ne se fassent piétiner par le troupeau de gnou chassé par la hyènes sous ordre de Scar
0%
Aucun quiz correspondant
Distribution des résultats
% des personnes avec chaque résultat
Percentile par nombre de réponses
Votre historique - résultats
Vous n’avez pas pris ce quiz